000 00238nam a2200097Ia 4500
001 689050
005 20250826161626.0
008 250824s9999 xx 000 0 und d
245 0 _aIV MURAD
_cOKAY TİRYAKİOĞLU
260 _bTİMAŞ YAYINLARI
999 _c689050
_d689050